000 005890000a22001810004500
090 _aAR
_b00914
245 1 0 _aNotes on Elaeagia myriantha, Comb. Nov. (<Rubiaceae>)
650 1 4 _aVegetación
_992799
650 1 4 _aBiología de la especie
_993163
650 1 4 _aMorfología vegetal
_918295
650 1 4 _aDistribución geográfica
_992997
653 _fRubiaceae
_gElaeagia
_eElaeagia myriantha
041 0 _aInglés
700 1 _aHammel, Barry E.
_994102
100 1 _aTaylor, M.
_994103
942 _cARTICULO
773 1 _tNovon: a Journal for Botanical Nomenclature
_356
_h4
_q490-491
_d1993
_g3
999 _c10002
_d10002